RAID - Statistics

General Stats
  • This quiz has been taken 13 times
  • The average score is 6 of 7
Answer Stats
Hint Answer % Correct
RAID 5 (minimum # of drives) 3
100%
RAID 10 (minimum # of drives) 4
100%
RAID 1 Mirroring
100%
RAID (meaning): Redundant Array of Independent Disks
100%
RAID 0 Striping
100%
RAID 5 Striping w/ Parity
50%
RAID 10 Striping w/ Mirroring
25%
No matching quizzes found
Score Distribution
Percent of People with Each Score
Percentile by Number Answered
Your Score History
You have not taken this quiz